| 000 | 00664nam a2200217 a 4500 | ||
|---|---|---|---|
| 008 | 951205s1981||||[C 0 slo c | ||
| 020 |
_c29 Kčs. _q(5000 výtl.) |
||
| 040 |
_aSNK _bslo _cSNK _eAACR2 |
||
| 041 | 1 |
_aslo _hrus |
|
| 044 |
_axo _cSK |
||
| 080 | _a908.73/.79 | ||
| 100 | 1 |
_aKorotyč, Vitalij _4aut |
|
| 245 | 1 | 0 |
_aČudné mestá New Yorku _cVitalij Korotyč ; Viera Krnová, Fedor Kiš |
| 250 | _a1., vyd. | ||
| 260 |
_aBratislava _bObzor _c1981 _eBanská Bystrica _fTlačiarne SNP |
||
| 300 |
_a137 s., 14,06 AH _c24 cm |
||
| 500 | _aFot. na predsádkach a tit. liste. | ||
| 700 | 1 |
_aKrnová, Viera _4trl |
|
| 700 | 1 |
_aKiš, Fedor _4bkd |
|
| 958 | _aA | ||
| 999 |
_c11982 _d11982 |
||